000 00697nam a22002177a 4500
999 _c64193
_d64193
005 20240530110719.0
008 180319s2016 ua g 000 f ara d
017 _a2015/11535
_bمصر. دار الكتب
020 _a9789774279959
040 _aEG-CaGPL
_cEG-CaGPL
082 0 4 _221
_a813.03/
_bن أ
100 0 _aناصر عراق
245 1 0 _aالازبكية :
_bرواية /
_cناصر عراق .
250 _aط.3
260 _aالقاهرة :
_bالدار المصرية اللبنانية ،
_c2016 .
300 _a344 ص. ؛
_c19 سم.
650 0 7 _2qrmak
_aالقصص العربية
651 _2qrmak
942 _2ddc
_cBK